| 000 | 00778nam a2200205Ia 4500 | ||
|---|---|---|---|
| 003 | GCL | ||
| 008 | 140319s9999 xx 000 0 ara d | ||
| 040 |
_aGCL / _cGCL |
||
| 082 | 0 | 4 |
_a915.98 _bم ا |
| 100 | 1 | _aمحمد ابراهيم حسن | |
| 245 | 1 | 0 |
_aاندونيسيا وحوض المحيط الهندى والاراضى المجاورة : _bدراسة اقليمية تحليلية مقارنة / _cمحمد ابراهيم حسن |
| 260 |
_aالقاهرة : _bالمكتبة المصرية ، _c2004 |
||
| 300 |
_a455 ص ؛ _c32 سم |
||
| 650 | 0 | 4 | _aاندونسيا |
| 650 | 0 | 4 | _aاريتريا |
| 650 | 0 | 4 | _aاندونيسيا - جغرافيا |
| 650 | 0 | 4 | _aاندونيسيا - السكان |
| 650 | 0 | 4 | _aاندونيسيا - المناخ |
| 942 |
_2ddc _cBK |
||
| 999 |
_c33697 _d33697 |
||